000 00941nam a2200289 i 4500
003 EG-GICUC
005 20260219144113.0
008 260219s1933 ge ||||fr|||| 00| 0 ger d
040 _aEG-GiCUC
_bger
_cEG-GiCUC
_dEG-GiCUC
_eRda
082 0 4 _221
_a341.511
_bGE . Z
092 0 4 _221
099 _aLaw1 11 341.511 GE . Z 1933
100 1 _aGeőcze, Bartholomäus Von
_eAuthor.
245 1 4 _aDie Zuständigkeit Internationaler Gerichtshöfe /
_b
_n
_cBartholomäus Von Geőcze.
264 1 _aBerlin :
_bFerd. Dümmlers Verlag,
_c1933.
300 _a344page :
_billustration ;
_c 24 cm.
336 _2rda contenu
_a texte
337 _2rda medias
_aOrdinateur
338 _2 transporteur rda
_a Ressource en ligne
504 _a
546 _a Text in German
650 1 4 _aPublic international law
_2
651 1 _2
856 4 0 _uhttps://fll.law.cu.edu.eg/fulltext/bks/B11-07906.pdf
905 _a50
942 _2ddc
_cBK
_e21
_n0
999 _c63853
_d63853